000 00330 a2200157 4500
001 44998
020 _a9788466810401
040 _cAnchieta - Aquarius
100 _aFoley, Jhn
240 1 0 _aSmellybear
_lIng
245 1 0 _aSmellybear
300 _a
362 0 _a2010
650 4 _aLiteratura infantil em inglês
942 _cBK
999 _c44998
_d44998